MARC
| LEADER | 00000nam a2200000 a 4500 | ||
|---|---|---|---|
| 001 | UCP7109 | ||
| 003 | CL-VaPUC | ||
| 008 | 991203e19960000AG |||||||||||||||||spa|d | ||
| 082 | 0 | 4 | |a 102 |b POR |2 21 |
| 100 | 0 | |a Porrini, Guillermo Luis |e author |9 436494 | |
| 245 | 1 | 3 | |a La vocación filosófica: homenaje a Adolfo P. Carpio |
| 300 | |a 316 p | ||
| 942 | |c BK | ||
| 945 | |d 19991203 00:00:00 |a rbrito | ||
| 260 | |a Rosario |b Tekhne |c 1996 | ||
| 650 | 0 | |a Filosofía |9 223554 | |
| 650 | 0 | |a Congresos |9 257560 | |
| 583 | |a last modification |c 19991203 00:00:00 |k Rodrigo Vera | ||
| 999 | |c 284432 |d 284430 | ||